000 00742nam a2200229Ia 4500
003 OSt
005 20220923212711.0
006 a|||||r|||| 00| 0
007 ta
008 220922b |||||||| |||| 00| 0 hin d
024 _a155,421
037 _cTextual
040 _aARTS
_cARTS
_bhin
041 _2hin
_ahin
082 _aO15:2J24:1, 152K6
100 _aकर्णपूर
_9156280
245 0 _aचैतन्य चन्द्रोदय नाटकम्, व्या रामचन्द्र मिश्र
246 _aChaitanya chandrodaya nāṭakam, vyā0 rāmachandra mishra
260 _c1966
942 _hO15:2J24:1, 152K6
_cTEXL
_2CC
999 _c310949
_d310949